Guess the Most "Poisoned" Baby Names in the USA - Statistics

General Stats
  • This quiz has been taken 74 times
  • The average score is 2 of 6
Answer Stats
Year Name % Drop Initial % Correct
1993 Hilary 69.7 H
63%
2015 Isis 70.8 I
57%
2016 Caitlin 53.9 C
15%
1894 Grover 60.8 G
15%
2010 Caylee 52.8 C
8%
2011 Brisa 48.6 B
5%
No matching quizzes found
Score Distribution
Percent of People with Each Score
Percentile by Number Answered
Your Score History
You have not taken this quiz